[Event "MPJ C18"]
[Site "?"]
[Date "2016.03.15"]
[Round "4.2"]
[White "Niekras, Dawid"]
[Black "Kucza, Karol"]
[Result "1/2-1/2"]
[LiveChessVersion "1.4.8"]
[BlackElo "2310"]
[WhiteElo "2271"]

1. e4 {[%clk 1:30:58]} e5 {[%clk 1:30:45]} 2. Nf3 {[%clk 1:31:23]} Nc6
{[%clk 1:31:08]} 3. Bb5 {[%clk 1:31:48]} a6 {[%clk 1:31:34]} 4. Ba4
{[%clk 1:32:15]} Nf6 {[%clk 1:31:59]} 5. O-O {[%clk 1:32:41]} Be7
{[%clk 1:32:25]} 6. Re1 {[%clk 1:33:07]} b5 {[%clk 1:32:50]} 7. Bb3
{[%clk 1:33:34]} O-O {[%clk 1:33:15]} 8. c3 {[%clk 1:34:01]} d6 {[%clk 1:30:15]}
9. h3 {[%clk 1:34:26]} Bb7 {[%clk 1:29:50]} 10. d4 {[%clk 1:34:48]} Re8
{[%clk 1:30:03]} 11. Nbd2 {[%clk 1:35:12]} Bf8 {[%clk 1:30:28]} 12. a3
{[%clk 1:35:31]} h6 {[%clk 1:30:02]} 13. Bc2 {[%clk 1:35:55]} Nb8
{[%clk 1:30:28]} 14. b4 {[%clk 1:35:54]} Nbd7 {[%clk 1:30:50]} 15. Bb2
{[%clk 1:36:18]} c5 {[%clk 1:31:15]} 16. d5 {[%clk 1:36:43]} Qc7 {[%clk 1:07:00]}
17. Nb3 {[%clk 1:35:32]} Rac8 {[%clk 1:03:29]} 18. Na5 {[%clk 1:22:28]} Ba8
{[%clk 1:03:53]} 19. Bb3 {[%clk 1:14:28]} Nb6 {[%clk 0:58:10]} 20. Nd2
{[%clk 1:11:42]} c4 {[%clk 0:57:16]} 21. Bc2 {[%clk 1:12:04]} Nh7
{[%clk 0:49:24]} 22. Qg4 {[%clk 1:05:14]} Qd7 {[%clk 0:47:01]} 23. Qxd7
{[%clk 1:05:08]} Nxd7 {[%clk 0:47:30]} 24. a4 {[%clk 0:51:23]} Rc7
{[%clk 0:38:20]} 25. axb5 {[%clk 0:51:42]} axb5 {[%clk 0:38:45]} 26. Nb1
{[%clk 0:50:42]} f5 {[%clk 0:36:39]} 27. Na3 {[%clk 0:50:21]} Rb8
{[%clk 0:36:58]} 28. f3 {[%clk 0:44:39]} fxe4 {[%clk 0:35:56]} 29. fxe4
{[%clk 0:44:41]} Be7 {[%clk 0:36:02]} 30. Bc1 {[%clk 0:42:01]} Bg5
{[%clk 0:35:17]} 31. Bxg5 {[%clk 0:42:11]} Nxg5 {[%clk 0:35:05]} 32. h4
{[%clk 0:32:57]} Nf7 {[%clk 0:35:28]} 33. g3 {[%clk 0:31:18]} Nf6
{[%clk 0:33:27]} 34. Rad1 {[%clk 0:26:07]} Rb6 {[%clk 0:32:59]} 35. Rd2
{[%clk 0:24:34]} Bb7 {[%clk 0:32:08]} 36. Bd1 {[%clk 0:24:17]} Bc8
{[%clk 0:31:53]} 37. Bf3 {[%clk 0:22:20]} Bd7 {[%clk 0:31:53]} 38. Kf2
{[%clk 0:20:52]} Nd8 {[%clk 0:31:16]} 39. Ra2 {[%clk 0:17:48]} Bc8
{[%clk 0:29:59]} 40. Ke3 {[%clk 0:44:12]} Kf8 {[%clk 0:55:06]} 1/2-1/2

[Event "MPJ C18"]
[Site "?"]
[Date "2016.03.15"]
[Round "4.3"]
[White "Tomczak, Mikolaj"]
[Black "Karwowski, Kacper"]
[Result "0-1"]
[LiveChessVersion "1.4.8"]
[BlackElo "2127"]
[WhiteElo "2308"]

1. b3 {[%clk 1:30:58]} d5 {[%clk 1:30:05]} 2. e3 {[%clk 1:31:20]} e5
{[%clk 1:24:43]} 3. Bb2 {[%clk 1:31:36]} Bd6 {[%clk 1:24:13]} 4. Nf3
{[%clk 1:30:41]} Qe7 {[%clk 1:23:02]} 5. c4 {[%clk 1:30:35]} d4 {[%clk 1:19:53]}
6. Be2 {[%clk 1:26:47]} c5 {[%clk 1:20:02]} 7. O-O {[%clk 1:20:54]} Nf6
{[%clk 1:20:09]} 8. exd4 {[%clk 1:21:17]} exd4 {[%clk 1:14:05]} 9. b4
{[%clk 1:20:30]} Nc6 {[%clk 1:11:42]} 10. bxc5 {[%clk 1:19:06]} Bxc5
{[%clk 1:12:06]} 11. d3 {[%clk 1:19:08]} O-O {[%clk 1:07:45]} 12. Nbd2
{[%clk 1:18:55]} b6 {[%clk 1:03:52]} 13. Ng5 {[%clk 1:14:54]} Bb7
{[%clk 0:57:59]} 14. Bf3 {[%clk 1:13:39]} h6 {[%clk 0:56:28]} 15. Re1
{[%clk 1:12:16]} Qd7 {[%clk 0:54:21]} 16. Nge4 {[%clk 1:12:24]} Nxe4
{[%clk 0:54:45]} 17. Bxe4 {[%clk 1:11:44]} Rae8 {[%clk 0:53:55]} 18. Nf3
{[%clk 1:07:15]} Nb4 {[%clk 0:50:56]} 19. a3 {[%clk 1:04:36]} Bxe4
{[%clk 0:50:32]} 20. Rxe4 {[%clk 1:05:00]} Nc6 {[%clk 0:49:39]} 21. Nd2
{[%clk 1:02:48]} Rxe4 {[%clk 0:38:51]} 22. Nxe4 {[%clk 1:03:10]} Re8
{[%clk 0:39:13]} 23. Bc1 {[%clk 0:51:24]} Qe7 {[%clk 0:38:30]} 24. Bf4
{[%clk 0:50:15]} Ne5 {[%clk 0:35:31]} 25. Bxe5 {[%clk 0:47:15]} Qxe5
{[%clk 0:35:50]} 26. Qb3 {[%clk 0:43:13]} f5 {[%clk 0:35:08]} 27. Nd2
{[%clk 0:43:01]} g5 {[%clk 0:28:06]} 28. Nf1 {[%clk 0:39:32]} h5 {[%clk 0:23:47]}
29. a4 {[%clk 0:38:27]} a5 {[%clk 0:23:52]} 30. Qd1 {[%clk 0:35:25]} g4
{[%clk 0:22:06]} 31. h3 {[%clk 0:30:54]} Re7 {[%clk 0:20:30]} 32. hxg4
{[%clk 0:28:44]} hxg4 {[%clk 0:20:43]} 33. Ng3 {[%clk 0:27:39]} Kf7
{[%clk 0:16:46]} 34. Qf1 {[%clk 0:23:16]} Kg6 {[%clk 0:14:20]} 35. Ra2
{[%clk 0:23:14]} f4 {[%clk 0:13:54]} 36. Ne2 {[%clk 0:16:07]} Rh7
{[%clk 0:12:29]} 37. f3 {[%clk 0:14:28]} g3 {[%clk 0:11:37]} 38. Qc1
{[%clk 0:13:44]} Kf5 {[%clk 0:11:47]} 39. Rc2 {[%clk 0:11:21]} Ba3
{[%clk 0:10:49]} 40. Qd2 {[%clk 0:40:50]} Bb4 {[%clk 0:41:10]} 41. Qxf4+
{[%clk 0:38:36]} Qxf4 {[%clk 0:41:33]} 42. Nxf4 {[%clk 0:39:02]} Kxf4
{[%clk 0:42:00]} 43. Re2 {[%clk 0:39:28]} Re7 {[%clk 0:42:10]} 44. Kf1
{[%clk 0:39:53]} Re3 {[%clk 0:42:32]} 0-1

[Event "MPJ C18"]
[Site "?"]
[Date "2016.03.15"]
[Round "4.4"]
[White "Winiarski, Mikolaj"]
[Black "Jarmula, Lukasz"]
[Result "0-1"]
[LiveChessVersion "1.4.8"]
[BlackElo "2387"]
[WhiteElo "2037"]

1. d4 {[%clk 1:30:58]} Nf6 {[%clk 1:30:54]} 2. c4 {[%clk 1:31:17]} g6
{[%clk 1:31:18]} 3. Nc3 {[%clk 1:31:44]} Bg7 {[%clk 1:31:43]} 4. e4
{[%clk 1:32:02]} d6 {[%clk 1:32:09]} 5. Nf3 {[%clk 1:32:24]} O-O {[%clk 1:32:31]}
6. Be2 {[%clk 1:32:49]} e5 {[%clk 1:32:56]} 7. O-O {[%clk 1:33:13]} exd4
{[%clk 1:28:41]} 8. Nxd4 {[%clk 1:33:36]} Re8 {[%clk 1:29:06]} 9. f3
{[%clk 1:33:59]} c6 {[%clk 1:29:34]} 10. Kh1 {[%clk 1:26:26]} Nbd7
{[%clk 1:26:33]} 11. Bg5 {[%clk 1:21:41]} Qb6 {[%clk 1:25:28]} 12. Nb3
{[%clk 1:22:02]} a5 {[%clk 1:24:20]} 13. Qd2 {[%clk 1:13:13]} a4 {[%clk 1:23:11]}
14. Be3 {[%clk 1:13:06]} Qd8 {[%clk 1:20:28]} 15. Nd4 {[%clk 1:12:53]} Nc5
{[%clk 1:20:42]} 16. Rad1 {[%clk 1:05:14]} Nfd7 {[%clk 1:20:08]} 17. Rfe1
{[%clk 1:02:43]} Qa5 {[%clk 1:16:15]} 18. Bf1 {[%clk 0:57:23]} Be5
{[%clk 1:11:42]} 19. Bf2 {[%clk 0:51:24]} Qb4 {[%clk 0:57:43]} 20. Qc1
{[%clk 0:32:14]} Qa5 {[%clk 0:40:47]} 21. Nc2 {[%clk 0:22:06]} Qd8
{[%clk 0:39:16]} 22. Nb4 {[%clk 0:20:33]} Qf6 {[%clk 0:36:59]} 23. a3
{[%clk 0:09:57]} Nb3 {[%clk 0:35:50]} 24. Qe3 {[%clk 0:04:40]} Ndc5
{[%clk 0:34:32]} 25. Bg3 {[%clk 0:03:03]} g5 {[%clk 0:29:57]} 26. Bxe5
{[%clk 0:03:00]} dxe5 {[%clk 0:29:44]} 27. Nd3 {[%clk 0:02:24]} Ne6
{[%clk 0:28:42]} 28. Ne2 {[%clk 0:01:57]} h5 {[%clk 0:27:05]} 29. Ndc1
{[%clk 0:01:48]} Ned4 {[%clk 0:26:12]} 30. Nxb3 {[%clk 0:01:41]} Nc2
{[%clk 0:26:01]} 31. Qc3 {[%clk 0:01:33]} axb3 {[%clk 0:26:09]} 32. Qxb3
{[%clk 0:02:00]} Nxe1 {[%clk 0:26:31]} 33. Rxe1 {[%clk 0:02:26]} Rd8
{[%clk 0:24:21]} 34. Nc3 {[%clk 0:01:56]} g4 {[%clk 0:23:50]} 35. fxg4
{[%clk 0:01:43]} Qf2 {[%clk 0:23:38]} 36. Rd1 {[%clk 0:01:47]} Bxg4
{[%clk 0:23:48]} 37. Rb1 {[%clk 0:01:59]} Rd2 {[%clk 0:23:16]} 38. Qxb7
{[%clk 0:02:10]} Bf3 {[%clk 0:22:12]} 39. Qxa8+ {[%clk 0:01:59]} Kg7
{[%clk 0:22:35]} 0-1

[Event "MPJ C18"]
[Site "?"]
[Date "2016.03.15"]
[Round "4.5"]
[White "Michalski, Filip"]
[Black "Osinski, Emil"]
[Result "1/2-1/2"]
[LiveChessVersion "1.4.8"]
[BlackElo "2017"]
[WhiteElo "2155"]

1. d4 {[%clk 1:30:52]} Nf6 {[%clk 1:30:40]} 2. c4 {[%clk 1:31:04]} g6
{[%clk 1:30:23]} 3. Nc3 {[%clk 1:31:26]} Bg7 {[%clk 1:30:27]} 4. Nf3
{[%clk 1:30:47]} O-O {[%clk 1:29:52]} 5. e4 {[%clk 1:31:13]} d6 {[%clk 1:30:10]}
6. Be2 {[%clk 1:30:36]} e5 {[%clk 1:28:24]} 7. d5 {[%clk 1:30:41]} Nbd7
{[%clk 1:21:02]} 8. Be3 {[%clk 1:30:23]} Ng4 {[%clk 1:16:29]} 9. Bg5
{[%clk 1:29:01]} f6 {[%clk 1:15:44]} 10. Bh4 {[%clk 1:29:26]} a5 {[%clk 1:14:12]}
11. Nd2 {[%clk 1:18:19]} Nh6 {[%clk 1:14:13]} 12. a3 {[%clk 1:17:13]} Nc5
{[%clk 1:05:13]} 13. b4 {[%clk 1:13:34]} Na6 {[%clk 1:02:36]} 14. Rb1
{[%clk 1:12:19]} axb4 {[%clk 0:58:16]} 15. axb4 {[%clk 1:12:44]} Bd7
{[%clk 0:55:19]} 16. f3 {[%clk 1:08:51]} b6 {[%clk 0:52:57]} 17. O-O
{[%clk 1:05:54]} Qe8 {[%clk 0:46:48]} 18. Bf2 {[%clk 1:03:42]} f5
{[%clk 0:42:57]} 19. Bd3 {[%clk 0:47:47]} fxe4 {[%clk 0:20:52]} 20. Ncxe4
{[%clk 0:46:06]} Bf5 {[%clk 0:17:55]} 21. Qe2 {[%clk 0:41:53]} Qc8
{[%clk 0:11:08]} 22. Rfc1 {[%clk 0:31:31]} Bxe4 {[%clk 0:08:42]} 23. Nxe4
{[%clk 0:31:31]} Nf5 {[%clk 0:08:51]} 24. c5 {[%clk 0:29:50]} bxc5
{[%clk 0:08:02]} 25. bxc5 {[%clk 0:27:40]} Nxc5 {[%clk 0:07:05]} 26. Nxc5
{[%clk 0:27:51]} dxc5 {[%clk 0:07:25]} 27. Bxc5 {[%clk 0:24:19]} Rf7
{[%clk 0:06:12]} 28. d6 {[%clk 0:07:12]} cxd6 {[%clk 0:05:37]} 29. Bxd6
{[%clk 0:07:39]} Qd8 {[%clk 0:04:47]} 30. Bc5 {[%clk 0:04:01]} Rd7
{[%clk 0:03:36]} 31. Bc4+ {[%clk 0:04:03]} Kh8 {[%clk 0:03:57]} 32. Bb6
{[%clk 0:02:40]} Qg5 {[%clk 0:03:22]} 33. Rd1 {[%clk 0:02:40]} Nd4
{[%clk 0:03:03]} 34. Qe4 {[%clk 0:01:51]} Rf8 {[%clk 0:03:14]} 35. Bxd4
{[%clk 0:01:13]} exd4 {[%clk 0:03:08]} 36. Re1 {[%clk 0:01:27]} Bf6
{[%clk 0:01:47]} 37. Rb7 {[%clk 0:00:53]} Rxb7 {[%clk 0:01:25]} 38. Qxb7
{[%clk 0:01:22]} Qc5 {[%clk 0:01:08]} 39. Qb5 {[%clk 0:00:35]} Qxb5
{[%clk 0:00:52]} 40. Bxb5 {[%clk 0:31:02]} Bg5 {[%clk 0:31:04]} 41. Kf2
{[%clk 0:21:49]} 1/2-1/2

[Event "MPJ C18"]
[Site "?"]
[Date "2016.03.15"]
[Round "4.6"]
[White "Piotrowski, Przemyslaw"]
[Black "Mockun, Dawid"]
[Result "1-0"]
[LiveChessVersion "1.4.8"]
[BlackElo "1933"]
[WhiteElo "2140"]

1. Nf3 {[%clk 1:30:47]} Nf6 {[%clk 1:30:48]} 2. g3 {[%clk 1:31:09]} d5
{[%clk 1:30:59]} 3. Bg2 {[%clk 1:31:29]} e6 {[%clk 1:30:37]} 4. O-O
{[%clk 1:31:52]} Bd6 {[%clk 1:30:58]} 5. d4 {[%clk 1:32:13]} Nbd7
{[%clk 1:31:16]} 6. c4 {[%clk 1:32:08]} c6 {[%clk 1:31:23]} 7. Nbd2
{[%clk 1:32:18]} O-O {[%clk 1:31:17]} 8. b3 {[%clk 1:32:31]} Qe7 {[%clk 1:22:06]}
9. Bb2 {[%clk 1:30:13]} Bc7 {[%clk 1:17:50]} 10. Qc2 {[%clk 1:29:23]} e5
{[%clk 1:11:24]} 11. cxd5 {[%clk 1:09:58]} Nxd5 {[%clk 1:11:08]} 12. a3
{[%clk 1:05:25]} Re8 {[%clk 1:03:53]} 13. e4 {[%clk 0:57:05]} N5b6
{[%clk 0:58:51]} 14. Rae1 {[%clk 0:47:45]} Bd6 {[%clk 0:56:44]} 15. a4
{[%clk 0:39:00]} a5 {[%clk 0:55:20]} 16. Kh1 {[%clk 0:39:11]} f6 {[%clk 0:52:40]}
17. Nh4 {[%clk 0:35:08]} Nf8 {[%clk 0:50:45]} 18. f4 {[%clk 0:34:01]} exf4
{[%clk 0:38:07]} 19. gxf4 {[%clk 0:34:01]} f5 {[%clk 0:35:09]} 20. Nhf3
{[%clk 0:33:10]} fxe4 {[%clk 0:26:30]} 21. Ne5 {[%clk 0:31:02]} Bf5
{[%clk 0:25:03]} 22. Bxe4 {[%clk 0:29:57]} Bxe4+ {[%clk 0:24:58]} 23. Nxe4
{[%clk 0:30:03]} Nd5 {[%clk 0:23:43]} 24. f5 {[%clk 0:28:40]} Nd7
{[%clk 0:18:41]} 25. Qg2 {[%clk 0:26:49]} N7f6 {[%clk 0:11:09]} 26. Ng5
{[%clk 0:26:54]} Nc7 {[%clk 0:09:52]} 27. Rg1 {[%clk 0:25:18]} Rf8
{[%clk 0:03:31]} 28. Ng6 {[%clk 0:22:09]} Qd7 {[%clk 0:03:47]} 29. Nxh7
{[%clk 0:18:10]} Kxh7 {[%clk 0:00:37]} 30. Ne7 {[%clk 0:13:50]} 1-0

[Event "MPJ C18"]
[Site "?"]
[Date "2016.03.15"]
[Round "4.7"]
[White "Gajek, Radoslaw"]
[Black "Lizak, Jakub"]
[Result "1-0"]
[LiveChessVersion "1.4.8"]
[BlackElo "2176"]
[WhiteElo "2435"]

1. c4 {[%clk 1:30:58]} Nf6 {[%clk 1:27:22]} 2. Nc3 {[%clk 1:31:20]} g6
{[%clk 1:27:44]} 3. g3 {[%clk 1:31:14]} d5 {[%clk 1:27:53]} 4. cxd5
{[%clk 1:31:29]} Nxd5 {[%clk 1:28:07]} 5. Bg2 {[%clk 1:31:54]} Nb6
{[%clk 1:28:30]} 6. Nf3 {[%clk 1:31:50]} Bg7 {[%clk 1:28:42]} 7. O-O
{[%clk 1:31:50]} O-O {[%clk 1:28:09]} 8. d4 {[%clk 1:31:04]} Nc6 {[%clk 1:28:18]}
9. e3 {[%clk 1:28:42]} Re8 {[%clk 1:28:35]} 10. b3 {[%clk 1:24:21]} e5
{[%clk 1:26:52]} 11. dxe5 {[%clk 1:23:42]} Nxe5 {[%clk 1:24:39]} 12. Nxe5
{[%clk 1:23:28]} Bxe5 {[%clk 1:23:28]} 13. Bb2 {[%clk 1:23:17]} Qxd1
{[%clk 1:15:45]} 14. Nxd1 {[%clk 1:19:35]} c6 {[%clk 1:13:03]} 15. Bxe5
{[%clk 1:15:39]} Rxe5 {[%clk 1:13:32]} 16. f4 {[%clk 1:13:31]} Rc5
{[%clk 1:06:17]} 17. Nf2 {[%clk 1:12:58]} Nd5 {[%clk 1:02:15]} 18. Rfe1
{[%clk 1:11:32]} a5 {[%clk 0:59:00]} 19. Ne4 {[%clk 1:10:01]} Rc2
{[%clk 0:53:18]} 20. Nd6 {[%clk 1:04:44]} Nc3 {[%clk 0:44:45]} 21. a4
{[%clk 0:54:37]} Be6 {[%clk 0:38:12]} 22. Nxb7 {[%clk 0:52:08]} Bxb3
{[%clk 0:37:30]} 23. Nc5 {[%clk 0:51:22]} Bd5 {[%clk 0:33:51]} 24. e4
{[%clk 0:49:41]} Bc4 {[%clk 0:34:14]} 25. Bf3 {[%clk 0:47:42]} Rd8
{[%clk 0:26:10]} 26. Rec1 {[%clk 0:47:30]} Rdd2 {[%clk 0:25:21]} 27. Rxc2
{[%clk 0:47:40]} Rxc2 {[%clk 0:25:47]} 28. Nb7 {[%clk 0:46:55]} Ne2+
{[%clk 0:22:10]} 29. Bxe2 {[%clk 0:45:48]} Bxe2 {[%clk 0:22:13]} 30. Ra3
{[%clk 0:37:13]} Ba6 {[%clk 0:20:10]} 31. Nd6 {[%clk 0:36:21]} Bc4
{[%clk 0:20:13]} 32. Ra1 {[%clk 0:33:45]} Ba2 {[%clk 0:15:34]} 33. Nb7
{[%clk 0:31:54]} Rb2 {[%clk 0:14:57]} 34. Nxa5 {[%clk 0:31:29]} c5
{[%clk 0:15:13]} 35. Rc1 {[%clk 0:25:04]} Rb1 {[%clk 0:13:17]} 36. Rxb1
{[%clk 0:23:32]} Bxb1 {[%clk 0:13:46]} 37. Nb3 {[%clk 0:23:14]} c4
{[%clk 0:13:58]} 38. Nc1 {[%clk 0:23:26]} Bxe4 {[%clk 0:14:21]} 39. Kf2
{[%clk 0:23:51]} Kg7 {[%clk 0:12:00]} 40. Ke3 {[%clk 0:53:54]} Ba8
{[%clk 0:39:47]} 41. a5 {[%clk 0:34:45]} Kf6 {[%clk 0:33:34]} 42. a6
{[%clk 0:27:35]} c3 {[%clk 0:29:23]} 43. Nd3 {[%clk 0:21:22]} Kf5
{[%clk 0:18:54]} 44. Nf2 {[%clk 0:15:50]} h5 {[%clk 0:16:18]} 45. Kd3
{[%clk 0:10:02]} h4 {[%clk 0:11:49]} 46. Kxc3 {[%clk 0:10:04]} hxg3
{[%clk 0:12:18]} 47. hxg3 {[%clk 0:10:28]} g5 {[%clk 0:09:44]} 48. fxg5
{[%clk 0:10:46]} Kxg5 {[%clk 0:10:13]} 49. Kd4 {[%clk 0:10:48]} Kf5
{[%clk 0:09:05]} 50. Kc5 {[%clk 0:10:09]} Ke5 {[%clk 0:07:09]} 51. Kb6
{[%clk 0:09:53]} Kd4 {[%clk 0:06:46]} 52. Ka7 {[%clk 0:08:19]} Bf3
{[%clk 0:07:08]} 53. Kb8 {[%clk 0:08:18]} Ke3 {[%clk 0:06:46]} 54. Nh3
{[%clk 0:08:35]} f6 {[%clk 0:06:15]} 55. a7 {[%clk 0:07:43]} Bc6 {[%clk 0:05:25]}
56. Nf4 {[%clk 0:07:34]} Kf3 {[%clk 0:05:03]} 57. Ne6 {[%clk 0:07:53]} Kxg3
{[%clk 0:05:06]} 58. Nd8 {[%clk 0:08:18]} 1-0

[Event "MPJ C18"]
[Site "?"]
[Date "2016.03.15"]
[Round "4.8"]
[White "Januszkiewicz, Wojciech"]
[Black "Wisniewski, Michal"]
[Result "1/2-1/2"]
[LiveChessVersion "1.4.8"]
[BlackElo "2273"]
[WhiteElo "1922"]

1. e4 {[%clk 1:30:58]} c5 {[%clk 1:24:23]} 2. Nf3 {[%clk 1:31:25]} d6
{[%clk 1:24:44]} 3. d4 {[%clk 1:31:49]} cxd4 {[%clk 1:25:05]} 4. Nxd4
{[%clk 1:32:10]} Nf6 {[%clk 1:25:31]} 5. Nc3 {[%clk 1:32:32]} g6 {[%clk 1:25:26]}
6. Be3 {[%clk 1:32:49]} Bg7 {[%clk 1:25:51]} 7. f3 {[%clk 1:33:12]} Nc6
{[%clk 1:26:17]} 8. Qd2 {[%clk 1:33:27]} O-O {[%clk 1:26:39]} 9. g4
{[%clk 1:32:56]} Be6 {[%clk 1:22:11]} 10. Nxe6 {[%clk 1:29:57]} fxe6
{[%clk 1:21:30]} 11. O-O-O {[%clk 1:30:09]} Rc8 {[%clk 1:16:35]} 12. Bc4
{[%clk 1:24:30]} Qd7 {[%clk 1:15:34]} 13. Bb3 {[%clk 1:23:55]} Na5
{[%clk 0:55:26]} 14. Qe2 {[%clk 1:19:40]} Nxb3+ {[%clk 0:52:49]} 15. axb3
{[%clk 1:19:31]} Qc6 {[%clk 0:48:07]} 16. h4 {[%clk 1:15:46]} Nd7
{[%clk 0:45:14]} 17. Bd4 {[%clk 0:59:40]} Bxd4 {[%clk 0:43:14]} 18. Rxd4
{[%clk 1:00:06]} Qc5 {[%clk 0:43:12]} 19. Rc4 {[%clk 0:53:40]} Qe5
{[%clk 0:42:10]} 20. Rxc8 {[%clk 0:53:54]} Rxc8 {[%clk 0:42:35]} 21. Qe3
{[%clk 0:54:13]} Rf8 {[%clk 0:41:29]} 22. Rf1 {[%clk 0:44:36]} Nf6
{[%clk 0:28:14]} 23. Rg1 {[%clk 0:38:12]} Nd5 {[%clk 0:26:30]} 24. Qd3
{[%clk 0:26:02]} Nxc3 {[%clk 0:26:00]} 25. bxc3 {[%clk 0:25:26]} Qf4+
{[%clk 0:26:18]} 26. Kb2 {[%clk 0:25:55]} Qxf3 {[%clk 0:26:10]} 27. Qc4
{[%clk 0:25:41]} d5 {[%clk 0:21:07]} 28. exd5 {[%clk 0:26:01]} exd5
{[%clk 0:20:27]} 29. Qc7 {[%clk 0:23:27]} Qe3 {[%clk 0:11:29]} 30. Rh1
{[%clk 0:14:03]} b5 {[%clk 0:09:04]} 31. h5 {[%clk 0:11:47]} Qe4 {[%clk 0:06:05]}
32. Qh2 {[%clk 0:04:01]} Qf4 {[%clk 0:01:55]} 33. Qe2 {[%clk 0:03:11]} Qe4
{[%clk 0:02:23]} 34. Qh2 {[%clk 0:03:31]} g5 {[%clk 0:01:50]} 35. h6
{[%clk 0:02:37]} Rf4 {[%clk 0:01:38]} 36. Ra1 {[%clk 0:01:44]} b4
{[%clk 0:00:48]} 37. Rxa7 {[%clk 0:01:07]} bxc3+ {[%clk 0:01:14]} 38. Ka2
{[%clk 0:01:32]} d4 {[%clk 0:00:33]} 39. Ra5 {[%clk 0:01:28]} Qg6
{[%clk 0:00:33]} 40. Qe2 {[%clk 0:31:12]} Rf7 {[%clk 0:30:33]} 41. Qc4
{[%clk 0:19:22]} e6 {[%clk 0:16:03]} 42. Ra8+ {[%clk 0:10:54]} Rf8
{[%clk 0:16:21]} 43. Rxf8+ {[%clk 0:10:21]} 1/2-1/2

[Event "MPJ C18"]
[Site "?"]
[Date "2016.03.15"]
[Round "4.9"]
[White "Chomczyk, Marek"]
[Black "Kaminski, Piotr"]
[Result "1-0"]
[LiveChessVersion "1.4.8"]
[BlackElo "1920"]
[WhiteElo "2229"]

1. e4 c5 2. Nf3 g6 3. d4 cxd4 4. Nxd4 Nc6 5. Nc3 Bg7 6. Be3 Nf6 7. Bc4 O-O 8. Bb3
a5 9. f3 d5 10. exd5 Nb4 11. Ndb5 a4 12. Bc4 Bf5 13. Nd4 Bc8 14. O-O Nfxd5 15.
Nxd5 Nxd5 16. Bf2 a3 17. bxa3 Ra4 18. Bb3 Nc3 19. Bxa4 Nxd1 20. Raxd1 Qa5 21. Bb3
e5 22. Ne2 Rd8 23. Rxd8+ Qxd8 24. Nc3 Qe7 25. Rd1 h5 26. Ne4 Be6 27. Bxe6 fxe6
28. Bc5 Qc7 29. c3 Bf8 30. Nf6+ Kh8 31. Bxf8 Qb6+ 32. Kh1 Qb2 33. Bh6 Qb6 34. h3
Qa5 35. Rd7 1-0

[Event "MPJ C18"]
[Site "?"]
[Date "2016.03.15"]
[Round "4.10"]
[White "Kanicki, Krzysztof"]
[Black "Molenda, Marcin"]
[Result "1/2-1/2"]
[LiveChessVersion "1.4.8"]
[BlackElo "2142"]
[WhiteElo "2208"]

1. e4 c5 2. Nf3 Nc6 3. Bb5 g6 4. Bxc6 dxc6 5. d3 Bg7 6. h3 b6 7. Nc3 e5 8. Be3 f6
9. Qd2 Be6 10. O-O Qd7 11. a3 f5 12. exf5 gxf5 13. Rae1 h6 14. Qe2 Ne7 15. Nh4
Bf6 16. Nf3 Ng6 17. Kh1 O-O-O 18. Bd2 Rde8 19. b4 cxb4 20. axb4 Qg7 21. Nd1 Rhg8
22. Rg1 Bd7 23. c4 Qf7 24. Nc3 Qg7 25. Rc1 Rd8 26. b5 Kb8 27. c5 cxb5 28. cxb6 a6
29. Nd5 Bc8 30. Nxf6 Qxf6 31. Nxe5 Qxe5 32. Qxe5+ Nxe5 33. Bf4 Rxd3 34. Rge1 Bb7
35. f3 Rxf3 36. Bxe5+ Ka8 37. gxf3 Bxf3+ 38. Kh2 Rg2+ 39. Kh1 Rg3+ 40. Kh2 Rg2+
41. Kh1 Rg3+ 1/2-1/2

[Event "MPJ C18"]
[Site "?"]
[Date "2016.03.15"]
[Round "4.11"]
[White "Zarnowski, Krzysztof"]
[Black "Snihur, Piotr"]
[Result "0-1"]
[LiveChessVersion "1.4.8"]
[BlackElo "2271"]
[WhiteElo "1940"]

1. d4 {[%clk 1:31:28]} Nf6 2. c4 c5 3. d5 b5 4. cxb5 a6 5. b6 d6 6. Nc3 Nbd7 7.
Nf3 g6 8. e4 Nxb6 9. Be2 Bg7 10. Nd2 O-O 11. O-O Rb8 12. a4 a5 13. Nb3 Ra8 14.
Bf4 Bd7 15. Qc2 Ne8 16. Nd2 Nc7 17. f3 Qb8 18. b3 Qb7 19. Rab1 Na6 20. Nc4 Nb4
21. Qd2 Rfd8 22. Kh1 Be8 23. Rbd1 Nxc4 24. Bxc4 Rab8 25. h4 Bd7 26. h5 Na6 27. h6
Bh8 28. Bg5 Re8 29. Nb5 Nc7 30. Nxc7 Qxc7 31. Qe1 Ra8 32. Bd2 Bd4 33. Bc3 Bxc3
34. Qxc3 f6 35. f4 Rf8 36. e5 Bg4 37. Rde1 Ra7 38. Kh2 Bc8 39. Rf3 Qd7 40. e6 Qb7
41. Rg1 Qb4 42. Qd3 Qb6 43. g4 Ba6 44. Bxa6 Qxa6 45. Qe4 Rb7 46. g5 Rb4 47. Qe3
c4 48. bxc4 Qxc4 49. gxf6 Rxf6 50. Rc1 Qa2+ 51. Kg3 Rc4 52. Rxc4 Qxc4 53. Qb3 Qd4
54. Qb8+ Rf8 55. Qb7 Qg1+ 56. Kh3 g5 57. Rg3 Qh1+ 58. Kg4 Rxf4+ 0-1

[Event "MPJ C18"]
[Site "?"]
[Date "2016.03.15"]
[Round "4.12"]
[White "Smal, Tobiasz"]
[Black "Smieszek, Wojciech"]
[Result "0-1"]
[LiveChessVersion "1.4.8"]
[BlackElo "2182"]
[WhiteElo "2017"]

1. Nf3 {[%clk 1:26:30]} Nf6 {[%clk 1:28:48]} 2. g3 {[%clk 1:24:56]} c5
{[%clk 1:28:55]} 3. Bg2 {[%clk 1:24:44]} g6 {[%clk 1:29:11]} 4. O-O
{[%clk 1:24:58]} Nc6 {[%clk 1:28:56]} 5. c4 {[%clk 1:23:48]} Bg7 {[%clk 1:29:14]}
6. Nc3 {[%clk 1:23:57]} O-O {[%clk 1:29:33]} 7. d3 {[%clk 1:23:34]} Rb8
{[%clk 1:26:16]} 8. a3 {[%clk 1:19:15]} a6 {[%clk 1:25:20]} 9. Rb1
{[%clk 1:18:53]} b5 {[%clk 1:21:58]} 10. cxb5 {[%clk 1:18:17]} axb5
{[%clk 1:22:20]} 11. b4 {[%clk 1:18:31]} cxb4 {[%clk 1:18:00]} 12. axb4
{[%clk 1:18:53]} d5 {[%clk 1:17:45]} 13. Bf4 {[%clk 1:18:17]} Rb6
{[%clk 1:16:38]} 14. Ne5 {[%clk 1:16:45]} Nxe5 {[%clk 1:14:47]} 15. Bxe5
{[%clk 1:17:03]} Be6 {[%clk 1:02:21]} 16. Bd4 {[%clk 1:16:33]} Rb8
{[%clk 0:57:18]} 17. Ra1 {[%clk 1:16:29]} Ng4 {[%clk 0:44:23]} 18. Bxg7
{[%clk 1:15:28]} Kxg7 {[%clk 0:44:50]} 19. Ra5 {[%clk 1:14:02]} Qd7
{[%clk 0:44:53]} 20. Qa1 {[%clk 1:13:26]} Kg8 {[%clk 0:40:09]} 21. d4
{[%clk 1:11:05]} Rfc8 {[%clk 0:38:38]} 22. e3 {[%clk 1:10:13]} Rc4
{[%clk 0:35:58]} 23. Rb1 {[%clk 1:09:08]} Qc6 {[%clk 0:34:59]} 24. Ra6
{[%clk 1:08:16]} Qc8 {[%clk 0:34:48]} 25. Ra3 {[%clk 1:01:17]} Nf6
{[%clk 0:31:04]} 26. Bf1 {[%clk 0:59:57]} Bh3 {[%clk 0:29:32]} 27. Be2
{[%clk 0:53:09]} Qf5 {[%clk 0:19:50]} 28. Bxc4 {[%clk 0:33:45]} dxc4
{[%clk 0:19:42]} 29. f4 {[%clk 0:33:46]} Ne4 {[%clk 0:14:06]} 30. Ra8
{[%clk 0:30:11]} Nxc3 {[%clk 0:14:30]} 31. Rxb8+ {[%clk 0:30:36]} Kg7
{[%clk 0:14:58]} 32. d5 {[%clk 0:23:35]} Qd3 {[%clk 0:11:01]} 33. Rb2
{[%clk 0:07:40]} Qxe3+ {[%clk 0:10:45]} 34. Rf2 {[%clk 0:08:02]} f6
{[%clk 0:10:58]} 35. Rb7 {[%clk 0:06:55]} Ne2+ {[%clk 0:11:12]} 36. Kh1
{[%clk 0:06:55]} Qe4+ {[%clk 0:11:30]} 0-1